All Time Leader in Plus Minus in Every NBA Season - Statistics

General Stats
  • This quiz has been taken 30 times
    15 since last reset
  • The average score is 15 of 23
Answer Stats
Season Year Plus Minus Answer % Correct
20th 2022 - 2023 +214 LeBron James
100%
21st 2023 - 2024 +220 LeBron James
100%
22nd 2024 - 2025 -54 LeBron James
100%
6th 2014 - 2015 +920 Stephen Curry
93%
7th 2015 - 2016 +1,022 Stephen Curry
93%
8th 2016 - 2017 +1,015 Stephen Curry
93%
1st 1996 - 1997 +818 Michael Jordan
86%
Rookie 1996 - 1997 +429 Tim Duncan
79%
16th 2012 - 2013 +459 Tim Duncan
79%
18th 2014 - 2015 +305 Tim Duncan
79%
19th 2015 - 2016 +426 Tim Duncan
79%
13th 2008 - 2009 +657 Kobe Bryant
71%
17th 2021 - 2022 +460 Chris Paul
57%
12th 2007 - 2008 +736 Kevin Garnett
57%
15th 2010 - 2011 +553 Kevin Garnett
57%
2nd 1997 - 1998 +649 Shaquille O'Neal
57%
3rd 2014 - 2015 +839 Draymond Green
50%
4th 2015 - 2016 +1,070 Draymond Green
50%
5th 2014 - 2015 +836 Klay Thompson
43%
9th 2004 - 2005 +664 Steve Nash
43%
11th 2006 - 2007 +609 Steve Nash
43%
10th 2007 - 2008 +785 Paul Pierce
21%
14th 2020 - 2021 +548 Mike Conley
0%
No matching quizzes found
Score Distribution
Percent of People with Each Score
Percentile by Number Answered
Your Score History
You have not taken this quiz since the last reset